| 000 | 01174nam0a2200313 4500 | ||
|---|---|---|---|
| 001 | RU\NLR\BIBL_A\022370054 | ||
| 005 | 20241101122220.0 | ||
| 010 |
_a978-5-297-02350-5 _9300 |
||
| 021 |
_aRU _bКН-П-24-031346 _9КН-П-24-3173 |
||
| 035 | _a(NLR Aleph) 022370054 | ||
| 090 |
_a13265603 _c13265603 |
||
| 100 | _a20241101d2023 m y0rusy50 ca | ||
| 101 | 0 | _alak | |
| 102 | _aRU | ||
| 105 | _ac z 010ay | ||
| 181 | 0 |
_ai _baxxe |
|
| 182 | 0 | _an | |
| 200 | 1 |
_aБурцӀил кьацӀливу _fЦӀигъил Камалов _g[авт. предисл. Хизри Илиясов] |
|
| 203 |
_aТекст _bвизуальный _cнепосредственный |
||
| 210 |
_aМахачкала _cДаг. кн. изд-во _d2023 |
||
| 215 |
_a598 с.,[1] л. портр. _d21 |
||
| 541 | 1 |
_6z01790 _aВ волчьей пасти _zrus |
|
| 686 | 1 | _aШ6(2=Лак)7 я44 | |
| 700 | 1 |
_aКамалов _bЦӀ. _f1943-2002 _gЦӀигьил |
|
| 790 | 1 |
_6z01541 _aКамалов _bЦ.-А. Н. _f1943-2002 _gЦихил-Абдулах Нигматулаевич _4070 |
|
| 852 |
_aNLR _bОНЛ _jЛак./3-733 |
||
| 942 | _cBOOK | ||
| 980 | _aNB | ||